Open Data Biblioteca Nacional de Portugal


República Portuguesa: Ministério da Cultura
Biblioteca Nacional de Portugal

Catálogo da BNP: acesso por Identificadores Unívocos
Registos Bibliográficos associados ao registo de autoridade

Etiqueta de registo: 00254nam 2200025 450
001 2277929
003 http://id.bnportugal.gov.pt/bib/catbnp/2277929
100 ## $a20260309d2025 k y0pory01030103ba
101 0# $apor $deng
102 ## $aPT
105 ## $aa m 000yy
106 ## $ar
200 1# $aContributo dos marcadores discursivos para a textualização do gênero memorial em contexto acadêmico$fMônica de Castro Netto$gorient. Maria de Fátima Henriques da Silva
210 #9 $aPorto$c[s.n.],$d2025
215 ## $a267 p.$cil.$d30 cm
328 #1 $aTese dout. Ciências da Linguagem, Faculdade de Letras, Universidade do Porto, 2025
675 ## $a81'42(043)$vBN$zpor$3561550
675 ## $a808.5(043)$vBN$zpor$3705307
700 #1 $aNetto,$bMônica de Castro$31989817
702 #1 $aSilva,$bMaria de Fátima Henriques da$4727$3264712
801 #0 $aPT$bBN$gRPC
966 ## $lBN$mFGMON$sL. 181415 V.$x1
971 ## $cisantos$d20260309
972 ## $e0$z0$d20260416$vlrevez
973 ## $cigoulao$d20260414

OpendataBNP@bnportugal.pt | Mais informação sobre acesso aos dados BNP